[Event "TeamRussiamenrapid"]
[Site "?"]
[Date "2016.10.06"]
[Round "6.10"]
[White "Paravyan, David"]
[Black "Predke, Alexandr"]
[Result "0-1"]
[LiveChessVersion "1.4.4"]
[BlackElo "2618"]
[WhiteElo "2500"]

1. e4 {[%clk 0:15:16]} e5 {[%clk 0:14:30]} 2. Nf3 {[%clk 0:15:25]} Nc6
{[%clk 0:14:36]} 3. Bb5 {[%clk 0:15:33]} a6 {[%clk 0:14:44]} 4. Ba4
{[%clk 0:15:41]} Nf6 {[%clk 0:14:48]} 5. O-O {[%clk 0:15:48]} Be7
{[%clk 0:14:56]} 6. d3 {[%clk 0:15:57]} d6 {[%clk 0:15:05]} 7. c3
{[%clk 0:16:06]} O-O {[%clk 0:15:08]} 8. Nbd2 {[%clk 0:16:14]} b5
{[%clk 0:14:37]} 9. Bc2 {[%clk 0:16:22]} Re8 {[%clk 0:14:44]} 10. Re1
{[%clk 0:16:29]} Bf8 {[%clk 0:14:52]} 11. Nf1 {[%clk 0:16:36]} h6
{[%clk 0:14:30]} 12. h3 {[%clk 0:16:03]} d5 {[%clk 0:14:07]} 13. a4
{[%clk 0:15:43]} dxe4 {[%clk 0:11:22]} 14. dxe4 {[%clk 0:15:52]} Be6
{[%clk 0:11:31]} 15. b4 {[%clk 0:13:07]} Qc8 {[%clk 0:06:06]} 16. Nh4
{[%clk 0:13:13]} g6 {[%clk 0:05:31]} 17. Qf3 {[%clk 0:12:53]} Nh7
{[%clk 0:04:13]} 18. Ne3 {[%clk 0:11:51]} Qd8 {[%clk 0:03:37]} 19. Qg3
{[%clk 0:11:19]} Bg7 {[%clk 0:03:17]} 20. Rd1 {[%clk 0:08:44]} Qf6
{[%clk 0:02:56]} 21. Nhf5 {[%clk 0:08:53]} h5 {[%clk 0:01:22]} 22. Nxg7
{[%clk 0:08:25]} Qxg7 {[%clk 0:01:30]} 23. Nd5 {[%clk 0:08:07]} Bxd5
{[%clk 0:01:31]} 24. Rxd5 {[%clk 0:07:01]} Rab8 {[%clk 0:00:53]} 25. axb5
{[%clk 0:06:36]} axb5 {[%clk 0:01:03]} 26. Ra6 {[%clk 0:06:45]} Nd8
{[%clk 0:01:01]} 27. Ra7 {[%clk 0:05:40]} Ne6 {[%clk 0:00:43]} 28. Qxe5
{[%clk 0:05:29]} Qxe5 {[%clk 0:00:51]} 29. Rxe5 {[%clk 0:05:37]} Ra8
{[%clk 0:00:48]} 30. Ra5 {[%clk 0:04:50]} c6 {[%clk 0:00:57]} 31. Bb3
{[%clk 0:04:23]} Nhf8 {[%clk 0:01:05]} 32. Rxa8 {[%clk 0:00:44]} Rxa8
{[%clk 0:01:14]} 33. Bh6 {[%clk 0:00:25]} Ra3 {[%clk 0:01:08]} 34. Bxe6
{[%clk 0:00:16]} Nxe6 {[%clk 0:01:17]} 35. f4 {[%clk 0:00:25]} Rxc3
{[%clk 0:00:24]} 36. f5 {[%clk 0:00:34]} gxf5 {[%clk 0:00:16]} 37. exf5
{[%clk 0:00:43]} Nd4 {[%clk 0:00:25]} 38. f6 {[%clk 0:00:39]} Kh7
{[%clk 0:00:25]} 39. Bd2 {[%clk 0:00:14]} Rd3 {[%clk 0:00:14]} 40. Be3
{[%clk 0:00:14]} Kg6 {[%clk 0:00:21]} 41. Kf2 {[%clk 0:00:17]} Ne6
{[%clk 0:00:26]} 42. Bc5 {[%clk 0:00:13]} Rc3 {[%clk 0:00:22]} 43. Be7
{[%clk 0:00:21]} Rc2+ {[%clk 0:00:29]} 44. Kf3 {[%clk 0:00:15]} Ng5+
{[%clk 0:00:32]} 45. Ke3 {[%clk 0:00:15]} Rxg2 {[%clk 0:00:40]} 46. Rc5
{[%clk 0:00:19]} Rg3+ {[%clk 0:00:32]} 47. Ke2 {[%clk 0:00:24]} Nxh3
{[%clk 0:00:39]} 48. Rxc6 {[%clk 0:00:29]} Nf4+ {[%clk 0:00:47]} 49. Kf2
{[%clk 0:00:36]} h4 {[%clk 0:00:42]} 50. Bd6 {[%clk 0:00:45]} Nh3+
{[%clk 0:00:32]} 51. Ke2 {[%clk 0:00:54]} Rb3 {[%clk 0:00:17]} 52. Rb6
{[%clk 0:00:32]} Ng5 {[%clk 0:00:26]} 53. Rxb5 {[%clk 0:00:40]} Ne4
{[%clk 0:00:35]} 54. Be5 {[%clk 0:00:37]} h3 {[%clk 0:00:43]} 55. Rb8
{[%clk 0:00:14]} Kf5 {[%clk 0:00:53]} 56. Bc7 {[%clk 0:00:14]} Rc3
{[%clk 0:01:02]} 57. Bh2 {[%clk 0:00:16]} Rc2+ {[%clk 0:01:06]} 58. Kf3
{[%clk 0:00:21]} Rf2+ {[%clk 0:00:30]} 59. Ke3 {[%clk 0:00:30]} Rxh2
{[%clk 0:00:39]} 60. Rb5+ {[%clk 0:00:39]} Kg4 {[%clk 0:00:48]} 61. Kxe4
{[%clk 0:00:42]} Re2+ {[%clk 0:00:54]} 62. Kd3 {[%clk 0:00:51]} h2
{[%clk 0:00:54]} 63. Kxe2 {[%clk 0:00:57]} h1=Q {[%clk 0:01:02]} 64. Ke3
{[%clk 0:00:41]} Qf3+ {[%clk 0:00:41]} 65. Kd4 {[%clk 0:00:50]} Qxf6+
{[%clk 0:00:50]} 66. Kc5 {[%clk 0:00:56]} Qe7+ {[%clk 0:00:48]} 67. Kc6
{[%clk 0:01:00]} Qe8+ {[%clk 0:00:50]} 68. Kb6 {[%clk 0:01:03]} f5
{[%clk 0:00:47]} 69. Rc5 {[%clk 0:01:12]} Qb8+ {[%clk 0:00:50]} 70. Ka5
{[%clk 0:01:17]} Qa7+ {[%clk 0:00:58]} 71. Kb5 {[%clk 0:01:26]} f4
{[%clk 0:01:02]} 72. Kc6 {[%clk 0:01:34]} f3 {[%clk 0:00:44]} 73. Rc4+
{[%clk 0:01:44]} Kg3 {[%clk 0:00:51]} 74. b5 {[%clk 0:01:53]} f2 {[%clk 0:00:50]}
75. Rc3+ {[%clk 0:01:55]} Kg2 {[%clk 0:00:59]} 76. Kd5 0-1

[Event "TeamRussiamenrapid"]
[Site "?"]
[Date "2016.10.06"]
[Round "6.11"]
[White "Yuffa, Daniil"]
[Black "Matinian, Nikita"]
[Result "1/2-1/2"]
[LiveChessVersion "1.4.4"]
[BlackElo "2493"]
[WhiteElo "2566"]

1. d4 {[%clk 0:15:19]} Nf6 {[%clk 0:15:19]} 2. c4 {[%clk 0:15:27]} g6
{[%clk 0:15:27]} 3. Nc3 {[%clk 0:15:35]} d5 {[%clk 0:15:36]} 4. Bf4
{[%clk 0:15:43]} Bg7 {[%clk 0:15:43]} 5. Rc1 {[%clk 0:15:52]} c6 {[%clk 0:15:45]}
6. e3 {[%clk 0:15:42]} O-O {[%clk 0:15:53]} 7. Nf3 {[%clk 0:15:17]} Bg4
{[%clk 0:15:01]} 8. h3 {[%clk 0:15:24]} Bxf3 {[%clk 0:15:09]} 9. Qxf3
{[%clk 0:15:33]} e6 {[%clk 0:15:14]} 10. Bd3 {[%clk 0:15:10]} Nbd7
{[%clk 0:15:22]} 11. O-O {[%clk 0:14:46]} Re8 {[%clk 0:15:27]} 12. cxd5
{[%clk 0:13:27]} Nxd5 {[%clk 0:15:22]} 13. Nxd5 {[%clk 0:12:53]} exd5
{[%clk 0:15:16]} 14. b4 {[%clk 0:12:16]} a6 {[%clk 0:15:25]} 15. a4
{[%clk 0:11:38]} Nf6 {[%clk 0:15:33]} 16. b5 {[%clk 0:10:16]} axb5
{[%clk 0:15:42]} 17. axb5 {[%clk 0:10:25]} Ne4 {[%clk 0:14:46]} 18. bxc6
{[%clk 0:09:34]} bxc6 {[%clk 0:14:55]} 19. Rc2 {[%clk 0:08:04]} Re6
{[%clk 0:14:07]} 20. Rfc1 {[%clk 0:08:05]} Qd7 {[%clk 0:13:38]} 21. Qe2
{[%clk 0:06:36]} f5 {[%clk 0:11:15]} 22. Bxe4 {[%clk 0:06:05]} fxe4
{[%clk 0:10:48]} 23. Ra2 {[%clk 0:05:46]} Ree8 {[%clk 0:09:57]} 24. Rb1
{[%clk 0:05:01]} Bf8 {[%clk 0:09:40]} 25. Rab2 {[%clk 0:04:59]} Ra7
{[%clk 0:09:23]} 26. Rb6 {[%clk 0:04:42]} Bd6 {[%clk 0:09:07]} 27. Bxd6
{[%clk 0:03:57]} Qxd6 {[%clk 0:09:16]} 28. Rc1 {[%clk 0:03:20]} Rc7
{[%clk 0:08:53]} 29. Qa6 {[%clk 0:03:18]} Re6 {[%clk 0:08:28]} 30. Rb8+
{[%clk 0:02:57]} Kg7 {[%clk 0:08:37]} 31. Qa8 {[%clk 0:02:52]} Rf6
{[%clk 0:08:21]} 32. Rg8+ {[%clk 0:01:09]} Kh6 {[%clk 0:08:30]} 33. Rc8
{[%clk 0:01:14]} Rxc8 {[%clk 0:08:09]} 34. Qxc8 {[%clk 0:01:23]} Qe6
{[%clk 0:08:15]} 35. Qc7 {[%clk 0:01:14]} Qd6 {[%clk 0:08:06]} 36. Qc8
{[%clk 0:01:20]} Qe6 {[%clk 0:08:14]} 37. Qd8 {[%clk 0:01:07]} Qd6
{[%clk 0:08:04]} 38. Qa5 {[%clk 0:00:46]} Qf8 {[%clk 0:07:52]} 39. Rc2
{[%clk 0:00:54]} Qb8 {[%clk 0:07:57]} 40. Qe1 {[%clk 0:00:40]} Qb3
{[%clk 0:07:41]} 41. Qc1 {[%clk 0:00:46]} Qb5 {[%clk 0:07:41]} 42. Kh2
{[%clk 0:00:48]} Qd3 {[%clk 0:07:24]} 43. Rd2 {[%clk 0:00:43]} Qb3
{[%clk 0:07:12]} 44. Rc2 {[%clk 0:00:50]} Qd3 {[%clk 0:07:17]} 45. Rd2
{[%clk 0:00:59]} Qb3 {[%clk 0:07:26]} 46. Rc2 {[%clk 0:01:08]} Qd3
{[%clk 0:07:33]} 1/2-1/2

[Event "TeamRussiamenrapid"]
[Site "?"]
[Date "2016.10.06"]
[Round "6.12"]
[White "Vastrukhin, Oleg"]
[Black "Lugovskoy, Maxim"]
[Result "1-0"]
[LiveChessVersion "1.4.4"]
[BlackElo "2491"]
[WhiteElo "2456"]

1. Nf3 {[%clk 0:15:19]} d5 {[%clk 0:15:09]} 2. g3 {[%clk 0:15:28]} Nf6
{[%clk 0:15:09]} 3. Bg2 {[%clk 0:15:36]} e6 {[%clk 0:15:16]} 4. O-O
{[%clk 0:15:44]} Be7 {[%clk 0:15:25]} 5. d3 {[%clk 0:15:46]} b6 {[%clk 0:15:33]}
6. Nbd2 {[%clk 0:15:54]} Bb7 {[%clk 0:15:42]} 7. e4 {[%clk 0:16:03]} c5
{[%clk 0:15:43]} 8. Re1 {[%clk 0:16:11]} Nc6 {[%clk 0:15:51]} 9. e5
{[%clk 0:16:01]} Nd7 {[%clk 0:16:00]} 10. Nf1 {[%clk 0:16:09]} Qc7
{[%clk 0:16:08]} 11. Bf4 {[%clk 0:16:18]} h6 {[%clk 0:16:15]} 12. h4
{[%clk 0:16:26]} O-O-O {[%clk 0:15:43]} 13. N1h2 {[%clk 0:16:34]} Rdg8
{[%clk 0:14:48]} 14. Ng4 {[%clk 0:16:43]} g5 {[%clk 0:14:05]} 15. hxg5
{[%clk 0:16:51]} hxg5 {[%clk 0:14:14]} 16. Bd2 {[%clk 0:16:58]} Kb8
{[%clk 0:13:34]} 17. c3 {[%clk 0:16:42]} Nd8 {[%clk 0:10:37]} 18. d4
{[%clk 0:16:20]} Nc6 {[%clk 0:10:31]} 19. a3 Na5 {[%clk 0:10:14]} 20. b4
{[%clk 0:14:14]} Nc4 {[%clk 0:09:50]} 21. bxc5 {[%clk 0:14:22]} bxc5
{[%clk 0:10:00]} 22. a4 {[%clk 0:14:20]} Ka8 {[%clk 0:10:01]} 23. a5
{[%clk 0:13:28]} Bc6 {[%clk 0:10:03]} 24. Be3 {[%clk 0:11:37]} Nxe3
{[%clk 0:08:44]} 25. Nxe3 {[%clk 0:11:37]} c4 {[%clk 0:08:25]} 26. Nh2
{[%clk 0:11:19]} Rh7 {[%clk 0:06:02]} 27. Nhg4 {[%clk 0:11:02]} Rf8
{[%clk 0:04:59]} 28. Rb1 {[%clk 0:09:59]} Qxa5 {[%clk 0:04:49]} 29. Nxc4
{[%clk 0:10:02]} Qxc3 {[%clk 0:04:15]} 30. Nd6 {[%clk 0:10:04]} f5
{[%clk 0:03:28]} 31. exf6 {[%clk 0:08:55]} Bxd6 {[%clk 0:02:01]} 32. Rc1
{[%clk 0:09:04]} Qb4 {[%clk 0:01:33]} 33. Qc2 {[%clk 0:08:36]} Nb8
{[%clk 0:00:36]} 34. Qxh7 {[%clk 0:08:33]} Qxd4 {[%clk 0:00:46]} 35. Rxc6
{[%clk 0:08:06]} Nxc6 {[%clk 0:00:41]} 36. Qd7 {[%clk 0:08:14]} Qc5
{[%clk 0:00:47]} 37. Qxe6 {[%clk 0:08:03]} Nb4 {[%clk 0:00:27]} 38. Ne3
{[%clk 0:07:58]} Kb8 {[%clk 0:00:13]} 39. Nxd5 {[%clk 0:07:43]} Bxg3 40. Re3
{[%clk 0:04:49]} Nxd5 {[%clk 0:00:13]} 41. Bxd5 {[%clk 0:04:47]} Bc7
{[%clk 0:00:13]} 42. Qe7 {[%clk 0:04:26]} Qc1+ {[%clk 0:00:12]} 43. Kg2
{[%clk 0:04:33]} Rd8 {[%clk 0:00:11]} 44. Rb3+ {[%clk 0:04:32]} Bb6
{[%clk 0:00:11]} 45. Qb7# 1-0

[Event "TeamRussiamenrapid"]
[Site "?"]
[Date "2016.10.06"]
[Round "6.13"]
[White "Derjabin, Ilja"]
[Black "Tregubov, Pavel V."]
[Result "0-1"]
[LiveChessVersion "1.4.4"]
[BlackElo "2580"]
[WhiteElo "2341"]

1. d4 {[%clk 0:15:19]} Nf6 {[%clk 0:15:18]} 2. c4 {[%clk 0:15:27]} Nc6
{[%clk 0:15:26]} 3. Nf3 {[%clk 0:15:23]} e6 {[%clk 0:15:34]} 4. Nc3
{[%clk 0:15:24]} Bb4 {[%clk 0:15:42]} 5. a3 {[%clk 0:15:24]} Bxc3+
{[%clk 0:15:50]} 6. bxc3 {[%clk 0:15:31]} d6 {[%clk 0:15:56]} 7. e3
{[%clk 0:10:38]} O-O {[%clk 0:15:27]} 8. Be2 {[%clk 0:10:34]} e5 {[%clk 0:15:34]}
9. O-O {[%clk 0:10:41]} Bg4 {[%clk 0:13:34]} 10. Nd2 {[%clk 0:08:38]} Bxe2
{[%clk 0:13:36]} 11. Qxe2 {[%clk 0:08:46]} Re8 {[%clk 0:13:30]} 12. Qf3
{[%clk 0:08:44]} e4 {[%clk 0:11:31]} 13. Qe2 {[%clk 0:08:50]} Ne7
{[%clk 0:11:10]} 14. a4 {[%clk 0:08:41]} c5 {[%clk 0:11:10]} 15. Ba3
{[%clk 0:08:44]} Rc8 {[%clk 0:11:03]} 16. Rfb1 {[%clk 0:08:26]} b6
{[%clk 0:10:28]} 17. a5 {[%clk 0:08:30]} Nc6 {[%clk 0:10:09]} 18. axb6
{[%clk 0:08:25]} axb6 {[%clk 0:10:18]} 19. Bc1 {[%clk 0:08:30]} Na5
{[%clk 0:10:08]} 20. Nb3 {[%clk 0:08:31]} cxd4 {[%clk 0:10:06]} 21. cxd4
{[%clk 0:05:41]} Nxc4 {[%clk 0:10:09]} 22. Nd2 {[%clk 0:05:47]} d5
{[%clk 0:09:57]} 23. Ra6 {[%clk 0:05:42]} Re6 {[%clk 0:09:55]} 24. h3
{[%clk 0:05:02]} h6 {[%clk 0:10:03]} 25. Rba1 {[%clk 0:03:43]} Rec6
{[%clk 0:09:58]} 26. Nb3 {[%clk 0:03:47]} Qe7 {[%clk 0:08:56]} 27. Nd2
{[%clk 0:03:01]} Qe6 {[%clk 0:08:06]} 28. Nf1 {[%clk 0:03:01]} b5
{[%clk 0:07:35]} 29. Rxc6 {[%clk 0:02:50]} Qxc6 {[%clk 0:07:44]} 30. Bd2
{[%clk 0:02:58]} Ra8 {[%clk 0:06:54]} 31. Rxa8+ {[%clk 0:02:46]} Qxa8
{[%clk 0:07:03]} 32. Bb4 {[%clk 0:02:55]} Qa4 {[%clk 0:07:12]} 33. Be7
{[%clk 0:03:04]} Ne8 {[%clk 0:05:40]} 34. Ng3 {[%clk 0:01:27]} b4
{[%clk 0:05:06]} 35. Nf5 {[%clk 0:01:33]} b3 {[%clk 0:02:13]} 36. Nxh6+
{[%clk 0:01:38]} gxh6 {[%clk 0:02:18]} 37. Qg4+ {[%clk 0:01:47]} Kh8
{[%clk 0:02:23]} 38. Qh5 {[%clk 0:01:47]} b2 {[%clk 0:01:43]} 39. Qxh6+
{[%clk 0:01:39]} Kg8 {[%clk 0:01:53]} 40. Qf8+ {[%clk 0:00:30]} Kh7
{[%clk 0:02:02]} 41. Qxf7+ {[%clk 0:00:39]} Ng7 {[%clk 0:02:11]} 42. Bf8
{[%clk 0:00:48]} b1=Q+ {[%clk 0:02:18]} 43. Kh2 {[%clk 0:00:57]} Qb8+
{[%clk 0:02:27]} 44. g3 {[%clk 0:01:06]} Qaa7 {[%clk 0:02:27]} 0-1

[Event "TeamRussiamenrapid"]
[Site "?"]
[Date "2016.10.06"]
[Round "6.14"]
[White "Kosteniuk, Alexandra"]
[Black "Iljin, Timofey"]
[Result "1/2-1/2"]
[LiveChessVersion "1.4.4"]
[BlackElo "2464"]
[WhiteElo "2519"]

1. e4 {[%clk 0:15:18]} c5 {[%clk 0:15:19]} 2. Nf3 {[%clk 0:15:26]} Nc6
{[%clk 0:15:28]} 3. d4 {[%clk 0:15:35]} cxd4 {[%clk 0:15:37]} 4. Nxd4
{[%clk 0:15:44]} Nf6 {[%clk 0:15:46]} 5. Nc3 {[%clk 0:15:53]} e5 {[%clk 0:15:55]}
6. Ndb5 {[%clk 0:16:01]} d6 {[%clk 0:16:04]} 7. Bg5 a6 8. Na3 {[%clk 0:16:19]} b5
{[%clk 0:16:22]} 9. Bxf6 {[%clk 0:16:17]} gxf6 {[%clk 0:16:30]} 10. Nd5
{[%clk 0:16:21]} Bg7 {[%clk 0:16:39]} 11. Bd3 {[%clk 0:16:22]} Ne7
{[%clk 0:16:47]} 12. Nxe7 {[%clk 0:16:29]} Qxe7 {[%clk 0:16:56]} 13. c4
{[%clk 0:16:38]} f5 {[%clk 0:16:51]} 14. O-O {[%clk 0:16:45]} O-O
{[%clk 0:16:33]} 15. Qf3 {[%clk 0:16:49]} Qb7 {[%clk 0:16:15]} 16. Qe2
{[%clk 0:14:30]} d5 {[%clk 0:12:37]} 17. cxd5 {[%clk 0:14:22]} fxe4
{[%clk 0:12:45]} 18. Bxe4 {[%clk 0:14:10]} f5 {[%clk 0:12:54]} 19. Bc2
{[%clk 0:14:18]} e4 {[%clk 0:11:43]} 20. Bb3 {[%clk 0:14:17]} Kh8
{[%clk 0:11:52]} 21. Rad1 {[%clk 0:11:52]} Bd7 {[%clk 0:11:56]} 22. Nc2
{[%clk 0:10:56]} Qb6 {[%clk 0:11:27]} 23. Qe3 {[%clk 0:10:24]} Qxe3 24. fxe3
{[%clk 0:10:33]} Bxb2 {[%clk 0:11:12]} 25. Nd4 {[%clk 0:10:42]} Rac8
{[%clk 0:08:31]} 26. Rf2 {[%clk 0:09:45]} Ba3 {[%clk 0:06:00]} 27. g3
{[%clk 0:05:33]} a5 {[%clk 0:03:42]} 28. d6 {[%clk 0:05:41]} Rf6 {[%clk 0:03:35]}
29. g4 {[%clk 0:04:17]} a4 {[%clk 0:02:22]} 30. Bd5 {[%clk 0:04:24]} Rxd6
{[%clk 0:01:07]} 31. Nxf5 {[%clk 0:04:33]} Bxf5 32. Rxf5 {[%clk 0:04:41]} Rcd8
{[%clk 0:01:10]} 33. Kf2 {[%clk 0:04:36]} Bc5 {[%clk 0:00:34]} 34. Rc1
{[%clk 0:02:30]} Ba3 {[%clk 0:00:42]} 35. Rd1 {[%clk 0:02:35]} Bc5
{[%clk 0:00:34]} 36. Rc1 {[%clk 0:02:35]} Ba3 {[%clk 0:00:34]} 37. Rd1
{[%clk 0:02:44]} Bc5 {[%clk 0:00:24]} 38. Rc1 {[%clk 0:02:53]} Ba3
{[%clk 0:00:16]} 39. Rd1 {[%clk 0:03:01]} Bb2 {[%clk 0:00:13]} 40. Rb1
{[%clk 0:02:12]} Rxd5 41. Rxd5 {[%clk 0:02:18]} Rxd5 {[%clk 0:00:25]} 42. Rxb2
{[%clk 0:02:28]} a3 {[%clk 0:00:26]} 43. Rb3 {[%clk 0:01:55]} Rd2+
{[%clk 0:00:34]} 44. Kg3 {[%clk 0:02:05]} Rd3 {[%clk 0:00:44]} 45. Rxb5
{[%clk 0:02:12]} Rxe3+ {[%clk 0:00:53]} 46. Kf4 {[%clk 0:02:12]} Re2
{[%clk 0:01:02]} 47. Ra5 {[%clk 0:01:37]} Rxa2 {[%clk 0:00:47]} 48. Kxe4
{[%clk 0:01:46]} Ra1 {[%clk 0:00:45]} 49. Kf4 {[%clk 0:01:29]} Rh1
{[%clk 0:00:21]} 50. Ke4 1/2-1/2

[Event "TeamRussiamenrapid"]
[Site "?"]
[Date "2016.10.06"]
[Round "6.15"]
[White "Kurbedinov, Ramis"]
[Black "Bryzgalin, Kirill"]
[Result "0-1"]
[LiveChessVersion "1.4.4"]
[BlackElo "2574"]
[WhiteElo "2249"]

1. d4 {[%clk 0:15:19]} d5 {[%clk 0:15:19]} 2. c4 {[%clk 0:15:28]} c6
{[%clk 0:15:27]} 3. cxd5 {[%clk 0:15:31]} cxd5 {[%clk 0:15:36]} 4. Nc3
{[%clk 0:15:40]} Nf6 {[%clk 0:15:45]} 5. Bf4 {[%clk 0:15:48]} a6 {[%clk 0:15:53]}
6. e3 {[%clk 0:15:53]} Nc6 {[%clk 0:16:01]} 7. Rc1 {[%clk 0:15:59]} Bg4
{[%clk 0:15:51]} 8. Qb3 {[%clk 0:14:46]} Na5 {[%clk 0:15:59]} 9. Qc2
{[%clk 0:14:46]} Rc8 {[%clk 0:15:35]} 10. Bd3 {[%clk 0:14:17]} e6
{[%clk 0:13:26]} 11. f3 {[%clk 0:14:10]} Bh5 {[%clk 0:13:34]} 12. Nge2
{[%clk 0:14:15]} Be7 {[%clk 0:13:24]} 13. O-O {[%clk 0:14:02]} O-O
{[%clk 0:13:31]} 14. Bg3 {[%clk 0:09:51]} b5 {[%clk 0:10:46]} 15. Qd1
{[%clk 0:07:40]} Bg6 {[%clk 0:06:50]} 16. Nf4 {[%clk 0:07:37]} Nc4
{[%clk 0:06:40]} 17. Nxg6 {[%clk 0:07:14]} hxg6 {[%clk 0:06:44]} 18. Qe2
{[%clk 0:06:26]} Qa5 {[%clk 0:06:30]} 19. b3 {[%clk 0:05:03]} Nxe3
{[%clk 0:04:27]} 20. Qxe3 {[%clk 0:04:55]} Rxc3 {[%clk 0:04:36]} 21. Be1
{[%clk 0:04:56]} Bb4 {[%clk 0:03:56]} 22. Bxc3 {[%clk 0:03:34]} Bxc3
{[%clk 0:04:05]} 23. Rfd1 {[%clk 0:03:33]} b4 {[%clk 0:04:10]} 24. Qe2
{[%clk 0:02:05]} Ra8 {[%clk 0:04:16]} 25. Bb1 {[%clk 0:02:00]} Qb6
{[%clk 0:04:25]} 26. Qf2 {[%clk 0:01:36]} Rc8 {[%clk 0:03:55]} 27. g4
{[%clk 0:01:20]} Rc7 {[%clk 0:03:38]} 28. Rc2 {[%clk 0:01:10]} Ne8
{[%clk 0:02:55]} 29. Rd3 {[%clk 0:00:27]} Nd6 {[%clk 0:03:03]} 30. a4
{[%clk 0:00:34]} Nb7 {[%clk 0:02:29]} 31. Kg2 {[%clk 0:00:23]} Na5
{[%clk 0:02:35]} 32. Ba2 {[%clk 0:00:26]} Nc6 {[%clk 0:01:07]} 33. Qh4
{[%clk 0:00:22]} f6 {[%clk 0:01:01]} 34. Qg3 {[%clk 0:00:30]} Rd7
{[%clk 0:00:54]} 35. Re2 {[%clk 0:00:20]} Kf7 {[%clk 0:00:57]} 36. Bb1
{[%clk 0:00:26]} Nxd4 {[%clk 0:00:55]} 37. Qf2 {[%clk 0:00:27]} e5
{[%clk 0:00:59]} 38. f4 {[%clk 0:00:26]} Qe6 {[%clk 0:00:39]} 39. f5
{[%clk 0:00:24]} gxf5 {[%clk 0:00:28]} 40. gxf5 {[%clk 0:00:28]} Qxf5
{[%clk 0:00:28]} 41. Qxf5 {[%clk 0:00:20]} Nxf5 {[%clk 0:00:37]} 42. Rxc3
{[%clk 0:00:30]} Nh4+ 43. Kh3 {[%clk 0:00:32]} bxc3 {[%clk 0:00:41]} 44. Kxh4
{[%clk 0:00:40]} e4 {[%clk 0:00:51]} 45. Kg4 {[%clk 0:00:17]} Ke6
{[%clk 0:00:57]} 46. Kf4 {[%clk 0:00:23]} g5+ {[%clk 0:01:06]} 47. Ke3
{[%clk 0:00:31]} Ke5 {[%clk 0:01:15]} 48. Kf2 {[%clk 0:00:33]} f5
{[%clk 0:01:23]} 49. Ba2 {[%clk 0:00:17]} a5 {[%clk 0:01:29]} 0-1

[Event "TeamRussiamenrapid"]
[Site "?"]
[Date "2016.10.06"]
[Round "6.16"]
[White "Oganian, Miran"]
[Black "Papenin, Nikolai"]
[Result "1/2-1/2"]
[LiveChessVersion "1.4.4"]
[BlackElo "2334"]
[WhiteElo "2480"]

1. d4 {[%clk 0:15:18]} Nf6 {[%clk 0:15:19]} 2. c4 {[%clk 0:15:26]} c5
{[%clk 0:15:28]} 3. d5 {[%clk 0:15:31]} b5 {[%clk 0:15:37]} 4. Nf3
{[%clk 0:15:39]} Bb7 {[%clk 0:15:41]} 5. a4 {[%clk 0:15:41]} Qa5+
{[%clk 0:15:46]} 6. Bd2 {[%clk 0:14:34]} b4 {[%clk 0:15:55]} 7. Qc2
{[%clk 0:14:22]} d6 {[%clk 0:16:01]} 8. e4 {[%clk 0:13:52]} Nbd7 {[%clk 0:16:09]}
9. b3 {[%clk 0:12:37]} g6 {[%clk 0:16:18]} 10. Bc1 {[%clk 0:12:37]} Bg7 11. Bb2
O-O {[%clk 0:16:31]} 12. Bd3 {[%clk 0:12:51]} e5 {[%clk 0:16:15]} 13. dxe6
{[%clk 0:10:33]} fxe6 {[%clk 0:16:24]} 14. e5 {[%clk 0:10:00]} dxe5
{[%clk 0:14:46]} 15. Nbd2 {[%clk 0:09:29]} Qc7 {[%clk 0:12:46]} 16. O-O-O
{[%clk 0:08:30]} e4 {[%clk 0:11:17]} 17. Nxe4 {[%clk 0:08:27]} Nxe4
{[%clk 0:09:13]} 18. Bxe4 {[%clk 0:07:11]} Qf4+ {[%clk 0:08:24]} 19. Nd2
{[%clk 0:07:17]} Bxe4 {[%clk 0:04:36]} 20. Qxe4 {[%clk 0:07:24]} Bxb2+
{[%clk 0:04:14]} 21. Kxb2 {[%clk 0:07:33]} Qxf2 {[%clk 0:03:33]} 22. Qxe6+
{[%clk 0:07:38]} Kh8 {[%clk 0:03:27]} 23. Kc2 {[%clk 0:05:52]} Qd4
{[%clk 0:02:07]} 24. Ne4 {[%clk 0:00:55]} Rf2+ {[%clk 0:02:15]} 25. Nxf2
{[%clk 0:01:04]} Qc3+ {[%clk 0:02:24]} 26. Kb1 {[%clk 0:01:13]} Qxb3+
{[%clk 0:02:32]} 1/2-1/2

[Event "TeamRussiamenrapid"]
[Site "?"]
[Date "2016.10.06"]
[Round "6.17"]
[White "Artemiev, Vladislav"]
[Black "Alekseev, Evgeny"]
[Result "0-1"]
[LiveChessVersion "1.4.4"]
[BlackElo "2688"]
[WhiteElo "2701"]

1. Nf3 {[%clk 0:15:12]} c5 {[%clk 0:15:14]} 2. e4 {[%clk 0:15:18]} Nc6
{[%clk 0:14:36]} 3. Bb5 {[%clk 0:15:24]} g6 {[%clk 0:14:43]} 4. O-O
{[%clk 0:14:15]} Bg7 {[%clk 0:14:50]} 5. Re1 {[%clk 0:14:19]} Nf6
{[%clk 0:14:40]} 6. e5 {[%clk 0:14:27]} Nd5 {[%clk 0:14:43]} 7. Nc3
{[%clk 0:14:35]} Nc7 {[%clk 0:14:45]} 8. Bxc6 {[%clk 0:14:42]} dxc6
{[%clk 0:14:50]} 9. Ne4 {[%clk 0:14:48]} b6 {[%clk 0:14:17]} 10. Nf6+
{[%clk 0:14:51]} Kf8 {[%clk 0:14:25]} 11. Ne4 {[%clk 0:14:59]} h6
{[%clk 0:13:23]} 12. h3 {[%clk 0:14:33]} g5 {[%clk 0:12:45]} 13. Ng3
{[%clk 0:11:56]} g4 {[%clk 0:12:29]} 14. Nh4 {[%clk 0:11:04]} h5 {[%clk 0:10:50]}
15. d3 {[%clk 0:09:39]} gxh3 {[%clk 0:07:10]} 0-1

[Event "TeamRussiamenrapid"]
[Site "?"]
[Date "2016.10.06"]
[Round "6.19"]
[White "Timofeev, Artyom"]
[Black "Levin, Evgeny A."]
[Result "1/2-1/2"]
[LiveChessVersion "1.4.4"]
[BlackElo "2585"]
[WhiteElo "2566"]

1. e4 {[%clk 0:15:16]} e6 {[%clk 0:15:17]} 2. d4 {[%clk 0:15:23]} d5
{[%clk 0:15:23]} 3. Nd2 {[%clk 0:15:30]} c5 {[%clk 0:15:29]} 4. Ngf3
{[%clk 0:15:29]} cxd4 {[%clk 0:15:35]} 5. exd5 {[%clk 0:15:20]} Qxd5
{[%clk 0:15:42]} 6. Bc4 {[%clk 0:15:26]} Qd7 {[%clk 0:15:30]} 7. O-O
{[%clk 0:14:58]} Nc6 {[%clk 0:15:26]} 8. Nb3 {[%clk 0:15:00]} a6 {[%clk 0:15:28]}
9. Nbxd4 {[%clk 0:14:07]} Nxd4 {[%clk 0:15:36]} 10. Qxd4 {[%clk 0:13:45]} Qxd4
{[%clk 0:15:38]} 11. Nxd4 {[%clk 0:13:53]} b5 {[%clk 0:13:47]} 12. Bb3
{[%clk 0:13:26]} Nf6 {[%clk 0:13:15]} 13. a4 {[%clk 0:10:03]} b4 {[%clk 0:13:07]}
14. a5 {[%clk 0:10:05]} Bd7 {[%clk 0:11:56]} 15. Re1 {[%clk 0:08:27]} Bc5
{[%clk 0:09:38]} 16. Be3 {[%clk 0:07:20]} Rc8 {[%clk 0:09:46]} 17. Rad1
{[%clk 0:07:11]} O-O {[%clk 0:09:00]} 18. h3 {[%clk 0:06:22]} Rfe8
{[%clk 0:06:56]} 19. Nf3 {[%clk 0:03:45]} Bc6 {[%clk 0:04:06]} 1/2-1/2